| 000 | 00891nam a2200253Ia 4500 | ||
|---|---|---|---|
| 003 | OSt | ||
| 005 | 20221005112641.0 | ||
| 006 | a|||||r|||| 00| 0 | ||
| 007 | ta | ||
| 008 | 221004b |||||||| |||| 00| 0 pan d | ||
| 020 |
_a9789380825168 _c295 |
||
| 024 | _a116817 | ||
| 037 |
_b613, 22/02/2012, H.K. Prakashan _cTextual |
||
| 040 |
_aCRL _cCRL _bpan |
||
| 041 |
_2pan _apan |
||
| 082 | _aNT4443:g, 153Q0 | ||
| 100 | _aਬਲਜੀਤ ਕੌਰ | ||
| 245 | 0 | _aਪੰਜਾਬੀ ਰੰਗਮੰਚ ਦੀਆਂ ਸਮੱਸਿਆਵਾਂ ਤੇ ਇਤਿਹਾਸ | |
| 260 |
_aਜਲੰਧਰ _bਦੀਪਕ ਪਬਲਿਰਗ਼ ਭਾਰਤ _c2010 |
||
| 300 |
_a199ਪੰ _ccm. |
||
| 650 |
_aਵਧੀਆ ਕਲਾ _9156314 |
||
| 942 |
_hNT4443:g, 153Q0 _cTEXL _2cc |
||
| 999 |
_c1025531 _d1025531 |
||